000
00318nam a22001337a 4500
008
170830b xxu||||| |||| 00| 0 eng d
020
_a
9780495764557
041
_a
eng
080
_2
14 ED
_a
070
100
_a
070
101
_a
MED
245
_a
THE CALLENGE OF EFFECTIVE SPEAKING
_c
VERDERBER.V
942
_2
udc
_c
BK
999
_c
25486
_d
25486